[Event "VII Weekend B"]
[Site "Ivrea ITA"]
[Date "2001.03.18"]
[Round "2"]
[White "Moschetto, Giuliano"]
[Black "Piazza, Giacomo"]
[Result "1-0"]
[WhiteElo "1449"]
[BlackElo "1407"]
[PlyCount "165"]
[EventDate "2001.03.17"]

1. e4 b6 2. g3 Bb7 3. Bg2 e6 4. b3 Qf6 5. c3 Qg6 6. Qe2 e5 7. d3 Qf6 8. Qf3 Qd8
9. Ne2 Nf6 10. O-O d6 11. Nd2 Qd7 12. Re1 Nc6 13. d4 O-O-O 14. d5 Ne7 15. Kh1
Kb8 16. c4 h5 17. a4 h4 18. a5 Ng4 19. Bh3 Nxf2+ 20. Qxf2 Qxh3 21. Nf1 hxg3 22.
Nexg3 f6 23. Re3 Qd7 24. Rf3 Nc8 25. a6 Ba8 26. b4 Be7 27. Nf5 Rdg8 28. b5 Bf8
29. Raa3 g6 30. Nh4 Qg4 31. Nxg6 Qxg6 32. Rae3 Be7 33. Rg3 Qf7 34. Rxg8 Qxg8
35. Rg3 Qh7 36. Qf3 Qh5 37. Kg2 Qf7 38. Ne3 Bf8 39. Nf5 Ne7 40. Nxe7 Qxe7 41.
h3 Qf7 42. Rg4 Rg8 43. Qf5 Rxg4+ 44. hxg4 Qg7 45. Kg3 Qh8 46. Qh5 Qxh5 47. gxh5
Kc8 48. Kg4 Kd7 49. Kf5 Ke7 50. Kg6 Ke8 51. Kxf6 Be7+ 52. Kg6 Kf8 53. Kh7 Kf7
54. Be3 Bf6 55. Kh6 Bg7+ 56. Kg5 Bf6+ 57. Kf5 Bh8 58. h6 Bf6 59. Bg5 Bxg5 60.
Kxg5 Kg8 61. Kf6 Kh7 62. Ke7 Kxh6 63. Kd7 Kg5 64. Kxc7 Kf4 65. Kb8 Kxe4 66.
Kxa8 Kd4 67. Kxa7 e4 68. Kxb6 e3 69. a7 e2 70. a8=Q e1=Q 71. Qa4 Qe3 72. Kc6
Ke5 73. Qb4 Qh6 74. b6 Qf8 75. Qc3+ Ke4 76. Qh3 Qa8+ 77. Kc7 Qa5 78. Qe6+ Kd4
79. Qxd6 Kc3 80. Qc6 Qa1 81. c5 Kc4 82. d6 Qg7+ 83. d7 1-0

[Event "VII Weekend B"]
[Site "Ivrea ITA"]
[Date "2001.03.18"]
[Round "2"]
[White "Piazza, Luigi"]
[Black "Sorba, Enrico"]
[Result "1-0"]
[WhiteElo "1338"]
[BlackElo "1275"]
[PlyCount "67"]
[EventDate "2001.03.17"]

1. Nf3 Nf6 2. g3 e6 3. Bg2 Be7 4. O-O O-O 5. d3 Nc6 6. Nbd2 b6 7. e4 e5 8. Re1
d6 9. Nf1 h6 10. h4 Ng4 11. Ne3 Bf6 12. Nh2 Nxh2 13. Kxh2 Re8 14. Nd5 Be6 15.
f4 exf4 16. Nxf4 Be5 17. c3 Ne7 18. Nxe6 fxe6 19. Qg4 Nc6 20. Bxh6 Qd7 21. Rf1
Rf8 22. Be3 Rae8 23. d4 Bf6 24. Rf2 Qe7 25. e5 Nxe5 26. dxe5 Bxe5 27. Raf1 Bf6
28. Qg6 Be5 29. Be4 Qxh4+ 30. Kg2 Rxf2+ 31. Bxf2 Qe7 32. Qh7+ Kf8 33. Be3+ Bf6
34. Bg6 1-0

[Event "VII Weekend B"]
[Site "Ivrea ITA"]
[Date "2001.03.18"]
[Round "2"]
[White "Pichierri, Giancarlo"]
[Black "Bogatto, Mario"]
[Result "1-0"]
[WhiteElo "1419"]
[BlackElo "1281"]
[PlyCount "53"]
[EventDate "2001.03.17"]

1. e4 e5 2. Nf3 d6 3. d4 exd4 4. Nxd4 Bd7 5. c3 Nf6 6. Bc4 Be7 7. Qb3 O-O 8.
Qxb7 c5 9. Qxa8 cxd4 10. Qxa7 dxc3 11. Nxc3 Nc6 12. Qe3 Nb4 13. Bb3 Ng4 14. Qf3
Ne5 15. Qd1 Nbd3+ 16. Kf1 Qb6 17. Be3 Qa6 18. Kg1 Bh4 19. Qe2 Bg4 20. f3 Nxf3+
21. gxf3 Bd7 22. Kf1 Rb8 23. Rg1 Bh3+ 24. Rg2 Bxg2+ 25. Kxg2 Nf4+ 26. Bxf4
Qxe2+ 27. Nxe2 1-0

[Event "VII Weekend B"]
[Site "Ivrea ITA"]
[Date "2001.03.18"]
[Round "2"]
[White "Plenzick, Angelo"]
[Black "Emanuele, Gaetano"]
[Result "0-1"]
[WhiteElo "1498"]
[BlackElo "1600"]
[PlyCount "142"]
[EventDate "2001.03.17"]

1. d4 Nf6 2. f4 d6 3. c3 Bf5 4. e3 e6 5. Bd3 Ne4 6. Qc2 Qh4+ 7. g3 Nxg3 8. Nf3
Qg4 9. Bxf5 Nxf5 10. Qf2 Be7 11. Rg1 Qh5 12. e4 Nh4 13. Nbd2 Nd7 14. e5 O-O-O
15. Ng5 h6 16. Nge4 Nf5 17. Qf3 Qxf3 18. Nxf3 Rdg8 19. Ke2 Nf8 20. Be3 Nxe3 21.
Kxe3 Nd7 22. Raf1 f6 23. h4 Nb6 24. Nfd2 f5 25. Ng3 Bxh4 26. Nh5 Nd5+ 27. Ke2
g5 28. Nf3 Ne7 29. Nf6 Rf8 30. fxg5 hxg5 31. Nxg5 Bxg5 32. Rxg5 Rh2+ 33. Rf2
Rfh8 34. Rg7 Kd8 35. Rfg2 Rxg2+ 36. Rxg2 dxe5 37. dxe5 Nc6 38. Ke3 Nxe5 39. Kf4
Nf7 40. Rd2+ Ke7 41. Nd7 Rh4+ 42. Kg3 Rg4+ 43. Kf2 Ng5 44. Nc5 Ne4+ 45. Nxe4
Rxe4 46. Kf3 Rg4 47. Rh2 Kf6 48. Rh7 Rg7 49. Rh6+ Kf7 50. Kf4 Rg6 51. Rh7+ Kf6
52. Rxc7 e5+ 53. Kf3 Rg7 54. Rc8 Rd7 55. Rf8+ Kg6 56. Rg8+ Rg7 57. Rd8 Kg5 58.
Rd1 e4+ 59. Ke3 Re7 60. Rg1+ Kf6 61. Rf1 Ke5 62. Rf4 Rg7 63. Rh4 Rg3+ 64. Kf2
f4 65. Rh5+ Kf6 66. Rd5 Ke6 67. Rh5 e3+ 68. Ke2 Rg2+ 69. Kf1 f3 70. Rh8 e2+ 71.
Ke1 Rg1+ 0-1

[Event "VII Weekend B"]
[Site "Ivrea ITA"]
[Date "2001.03.18"]
[Round "2"]
[White "Quinto, Raffaele"]
[Black "Berutti, Mario"]
[Result "0-1"]
[WhiteElo "1501"]
[BlackElo "1849"]
[PlyCount "44"]
[EventDate "2001.03.17"]

1. d4 d5 2. c4 e6 3. Nc3 f5 4. e3 Nf6 5. cxd5 exd5 6. Bd3 c6 7. Nge2 Bd6 8. Ng3
Ne4 9. Qh5+ g6 10. Qe2 O-O 11. f4 Qh4 12. Bxe4 fxe4 13. O-O Nd7 14. Bd2 Nf6 15.
Be1 Qh6 16. h3 g5 17. fxg5 Qxg5 18. Nh1 Bxh3 19. Bh4 Qxh4 20. gxh3 Kh8 21. Rxf6
Rxf6 22. Nf2 Rg8+ 0-1

[Event "VII Weekend B"]
[Site "Ivrea ITA"]
[Date "2001.03.18"]
[Round "2"]
[White "Sapone, Luigi"]
[Black "Matta, Francesca"]
[Result "0-1"]
[WhiteElo "1476"]
[BlackElo "1395"]
[PlyCount "46"]
[EventDate "2001.03.17"]

1. e4 e5 2. Nf3 Nc6 3. Bc4 Bc5 4. O-O Nf6 5. Nc3 O-O 6. a3 d6 7. h3 Be6 8. Bxe6
fxe6 9. d3 Qe8 10. Na4 Bd4 11. c3 Bb6 12. Nxb6 axb6 13. b4 Nh5 14. Nh4 Nf4 15.
Bxf4 exf4 16. Nf3 Rf6 17. Qb3 Rh6 18. Qc4 Qg6 19. Kh2 Rf8 20. b5 Ne5 21. Nxe5
dxe5 22. Rg1 Qg4 23. f3 Qg3+ 0-1

[Event "VII Weekend B"]
[Site "Ivrea ITA"]
[Date "2001.03.18"]
[Round "2"]
[White "Torriano, Enzo"]
[Black "Giachino, Adriano"]
[Result "1-0"]
[WhiteElo "1500"]
[BlackElo "1455"]
[PlyCount "128"]
[EventDate "2001.03.17"]

1. e4 e5 2. Nf3 Nc6 3. d4 exd4 4. Nxd4 Bc5 5. Be3 Qf6 6. c3 Nge7 7. Qd2 d6 8.
Nxc6 bxc6 9. Bxc5 dxc5 10. Be2 O-O 11. O-O Ng6 12. Qe3 Re8 13. Nd2 Nf4 14. Qf3
Qg5 15. Rfe1 h5 16. Qg3 Bg4 17. Bxg4 hxg4 18. f3 Nh5 19. Qxg4 Qh6 20. Nf1 Re5
21. Ne3 Rg5 22. Nf5 Qf6 23. Qh4 Rd8 24. Rad1 Rxd1 25. Rxd1 g6 26. f4 Nxf4 27.
Qxf4 gxf5 28. Rd7 Qh6 29. Qe5 Rg7 30. Rd8+ Kh7 31. Qxf5+ Rg6 32. Qxf7+ Rg7 33.
Qf5+ Rg6 34. Rd7+ Kh8 35. Rxc7 Qc1+ 36. Qf1 Qe3+ 37. Kh1 Qg5 38. Rxa7 Rf6 39.
Qd1 Rg6 40. Ra8+ Kh7 41. Qd7+ Rg7 42. Qf5+ Qg6 43. Qxg6+ Rxg6 44. Kg1 Re6 45.
Rc8 Kg6 46. a4 Rxe4 47. Rxc6+ Kf5 48. Rxc5+ Kf4 49. b4 Re2 50. Rc6 Re1+ 51. Kf2
Ra1 52. Rc4+ Ke5 53. b5 Kd5 54. Rb4 Ra2+ 55. Kf3 Rc2 56. b6 Rxc3+ 57. Kg4 Rc8
58. a5 Rg8+ 59. Kf5 Rf8+ 60. Kg6 Ke6 61. b7 Rg8+ 62. Kh5 Rh8+ 63. Kg4 Rg8+ 64.
Kf3 Rf8+ 1-0

[Event "VII Weekend B"]
[Site "Ivrea ITA"]
[Date "2001.03.18"]
[Round "2"]
[White "Tricerri, Pierino"]
[Black "Renzini, Lorenzo"]
[Result "0-1"]
[WhiteElo "1350"]
[BlackElo "1492"]
[PlyCount "74"]
[EventDate "2001.03.17"]

1. Nf3 Nf6 2. g3 Nc6 3. Bg2 d5 4. d3 e6 5. O-O Be7 6. Nbd2 O-O 7. e4 Rb8 8. a4
dxe4 9. dxe4 b6 10. e5 Nd7 11. Qe2 Nb4 12. Qd1 a5 13. Re1 Nc5 14. h4 Qd7 15.
Nh2 Bb7 16. Bf1 Nxa4 17. c3 Qc6 18. Ndf3 Nxc3 19. bxc3 Qxc3 20. Re3 Qxa1 21.
Nd2 Qd4 22. Qh5 Qd5 23. Ndf3 Nc2 24. Rd3 Qe4 25. Rd7 Ne1 26. Rxe7 Nxf3+ 27.
Nxf3 Qxf3 28. Qxf3 Bxf3 29. Rxc7 Rfc8 30. Rxc8+ Rxc8 31. Be3 Rb8 32. Bb5 Bd5
33. Bd4 a4 34. Kf1 a3 35. Ba1 Rc8 36. Ke2 a2 37. Kd3 Rc1 0-1

[Event "VII Weekend B"]
[Site "Ivrea ITA"]
[Date "2001.03.18"]
[Round "2"]
[White "Vozza, Nicola"]
[Black "D'Ingiullo, Giovanni"]
[Result "1-0"]
[WhiteElo "1666"]
[BlackElo "1531"]
[PlyCount "122"]
[EventDate "2001.03.17"]

1. d4 g6 2. e4 Bg7 3. Nf3 d6 4. Be2 b6 5. O-O Nf6 6. Nc3 Bb7 7. Bd3 O-O 8. Re1
e6 9. Bg5 Qd7 10. Qd2 Na6 11. a3 c5 12. Rad1 cxd4 13. Nxd4 Nc7 14. Bf1 d5 15.
Bxf6 Bxf6 16. e5 Bg7 17. f4 a6 18. Re3 f6 19. Nf3 fxe5 20. Nxe5 Qe7 21. Ne2 Nb5
22. g3 Rad8 23. Nd4 Nxd4 24. Qxd4 b5 25. Bh3 Rc8 26. Qd2 d4 27. Ree1 Bd5 28.
Qf2 Qc7 29. Nd3 Qxc2 30. Rd2 Qc6 31. Nb4 Qb6 32. Nxd5 exd5 33. Bxc8 Rxc8 34.
Kg2 Rf8 35. Qf3 Qc5 36. Qe2 Qc4 37. Kf3 Kh8 38. Qe7 Qb3+ 39. Kg2 a5 40. Ree2
Kg8 41. Qc7 Qc4 42. Qxa5 d3 43. Re3 d4 44. Rexd3 Qc6+ 45. Rf3 Re8 46. Kf2 Qc1
47. Re2 Rxe2+ 48. Kxe2 Qxb2+ 49. Qd2 Qb1 50. Rf1 Qf5 51. Qd3 Qh5+ 52. Rf3 Qxh2+
53. Rf2 Qh1 54. Kd2 Qc6 55. Re2 Bf6 56. Qb3+ Qc4 57. Qxc4+ bxc4 58. Re6 Kf7 59.
Rc6 c3+ 60. Kc2 Bd8 61. a4 61... Ke7 {...} 1-0

[Event "VII Weekend B"]
[Site "Ivrea ITA"]
[Date "2001.03.18"]
[Round "3"]
[White "Barbero, Marco"]
[Black "Banchio, Davide"]
[Result "0-1"]
[WhiteElo "1665"]
[BlackElo "1681"]
[PlyCount "50"]
[EventDate "2001.03.17"]

1. e4 e5 2. Nf3 Nc6 3. Bb5 a6 4. Bxc6 dxc6 5. O-O Qd6 6. d4 exd4 7. Nxd4 Bd7 8.
Nc3 O-O-O 9. Be3 Qg6 10. Qf3 Bd6 11. h3 h5 12. Nde2 Nf6 13. Bf4 Bxf4 14. Nxf4
Qh6 15. Qg3 g5 16. Nd3 h4 17. Qe3 Kb8 18. Ne5 Be6 19. Rad1 Qg7 20. Rxd8+ Rxd8
21. Nf3 g4 22. Ng5 Bc4 23. Rd1 Rg8 24. e5 Nd5 25. Nxd5 Bxd5 0-1

[Event "VII Weekend B"]
[Site "Ivrea ITA"]
[Date "2001.03.18"]
[Round "3"]
[White "Berutti, Mario"]
[Black "Vozza, Nicola"]
[Result "0-1"]
[WhiteElo "1849"]
[BlackElo "1666"]
[PlyCount "36"]
[EventDate "2001.03.17"]

1. d4 d5 2. f4 f5 3. Nf3 Nf6 4. e3 e6 5. Bd3 Be7 6. O-O O-O 7. Ne5 Bd7 8. g4
fxg4 9. Nxg4 Nxg4 10. Qxg4 e5 11. Qg2 e4 12. Be2 Rf6 13. Bh5 Rh6 14. Qe2 Bh3
15. Rd1 Bh4 16. Kh1 Nd7 17. Bg4 Bg3 18. Rg1 Bxg4 0-1

[Event "VII Weekend B"]
[Site "Ivrea ITA"]
[Date "2001.03.18"]
[Round "3"]
[White "Bogatto, Mario"]
[Black "Marguati, Massimiano"]
[Result "0-1"]
[WhiteElo "1281"]
[BlackElo "1575"]
[PlyCount "70"]
[EventDate "2001.03.17"]

1. d4 Nf6 2. c4 e6 3. Nc3 Bb4 4. Bd2 c5 5. a3 Bxc3 6. Bxc3 Ne4 7. Rc1 Qh4 8. g3
Nxc3 9. bxc3 Qe7 10. Qb3 Nc6 11. Nf3 b6 12. e3 Bb7 13. Be2 Na5 14. Qa2 d6 15.
O-O O-O 16. Rcd1 Rfd8 17. Rd2 Qf6 18. Ne1 Qh6 19. d5 e5 20. Ng2 f5 21. f3 Kh8
22. f4 e4 23. h4 Qf6 24. Rc2 Ba6 25. Rf2 Qg6 26. Kh2 Qe8 27. a4 Rd7 28. Ne1 h6
29. Rg2 g5 30. fxg5 hxg5 31. hxg5 Qg6 32. g4 Rh7+ 33. Kg1 Qxg5 34. Rh2 Rxh2 35.
Kxh2 Qh4+ 0-1

[Event "VII Weekend B"]
[Site "Ivrea ITA"]
[Date "2001.03.18"]
[Round "3"]
[White "Cassinera, Marco"]
[Black "Plenzick, Angelo"]
[Result "0-1"]
[WhiteElo "1345"]
[BlackElo "1498"]
[PlyCount "46"]
[EventDate "2001.03.17"]

1. d4 f5 2. c4 Nf6 3. Nc3 e6 4. a3 d5 5. e3 c6 6. Nf3 Bd6 7. Be2 O-O 8. b3 Nbd7
9. Bb2 Ne4 10. c5 Bc7 11. h4 Ndf6 12. Ne5 Bd7 13. h5 Be8 14. Nb1 Qe7 15. Nd2
Nxd2 16. Qxd2 Ne4 17. Qd1 Bxe5 18. dxe5 Nxc5 19. a4 Qc7 20. Rc1 Ne4 21. O-O Qd8
22. f4 Ng3 23. Rf2 Qh4 0-1

[Event "VII Weekend B"]
[Site "Ivrea ITA"]
[Date "2001.03.18"]
[Round "3"]
[White "Castaldo, Antonio"]
[Black "Quinto, Raffaele"]
[Result "1/2-1/2"]
[WhiteElo "1431"]
[BlackElo "1501"]
[PlyCount "45"]
[EventDate "2001.03.17"]

1. e4 c6 2. d3 e5 3. Nf3 d6 4. g3 Nf6 5. Bg2 Be7 6. O-O Bg4 7. h3 Bxf3 8. Bxf3
Qd7 9. Bg2 c5 10. f4 Nc6 11. c3 d5 12. Nd2 Rd8 13. Qe2 dxe4 14. dxe4 Qd3 15.
Qf3 Qxf3 16. Bxf3 O-O 17. Nc4 Nd7 18. a4 Nb6 19. Nxb6 axb6 20. Be3 Rd3 21. Rfe1
Rfd8 22. Rad1 Na5 23. Kf2 1/2-1/2

[Event "VII Weekend B"]
[Site "Ivrea ITA"]
[Date "2001.03.18"]
[Round "3"]
[White "Emanuele, Gaetano"]
[Black "D'Ingiullo, Giovanni"]
[Result "0-1"]
[WhiteElo "1600"]
[BlackElo "1531"]
[PlyCount "59"]
[EventDate "2001.03.17"]

1. d4 g6 2. c4 Bg7 3. Nc3 d6 4. e3 b6 5. Nf3 Bb7 6. Be2 Nf6 7. O-O e6 8. Qc2
Nbd7 9. e4 O-O 10. Re1 a6 11. h3 c5 12. d5 exd5 13. exd5 Qc7 14. Bf4 Rad8 15.
Rab1 Rfe8 16. Bd3 Nh5 17. Bh2 Bc8 18. Ne4 Ne5 19. Nxe5 Bxe5 20. Bxe5 Rxe5 21.
Qd2 Bf5 22. g4 Bxe4 23. gxh5 Bxd3 24. Rxe5 Bxb1 25. Re3 Qd7 26. Qe1 Bf5 27. Re7
Qc8 28. h6 Bxh3 29. Qc3 Qg4+ 30. Kh2 0-1

[Event "VII Weekend B"]
[Site "Ivrea ITA"]
[Date "2001.03.18"]
[Round "3"]
[White "Fassio, Francesco"]
[Black "Moschetto, Giuliano"]
[Result "0-1"]
[WhiteElo "1512"]
[BlackElo "1449"]
[PlyCount "74"]
[EventDate "2001.03.17"]

1. c4 c5 2. Nc3 g6 3. g3 e6 4. Bg2 Ne7 5. e3 Bg7 6. Nge2 O-O 7. O-O Nbc6 8. d4
d5 9. cxd5 Nxd5 10. Nxd5 cxd4 11. Ndf4 dxe3 12. Bxe3 Bxb2 13. Rb1 Bf6 14. Bc5
Re8 15. Qc2 Qc7 16. Rfd1 Be7 17. Bxe7 Rxe7 18. Rd2 Rd7 19. Rbd1 Rxd2 20. Rxd2
Bd7 21. Nd4 Rc8 22. Nb5 Qb6 23. Rxd7 Qxb5 24. Qe4 Na5 25. Qd4 Rc1+ 26. Qd1
Rxd1+ 27. Rxd1 b6 28. Nd3 Qc4 29. Ne5 Qxa2 30. Rd7 Qa1+ 31. Bf1 Qxe5 32. Rxa7
Nb3 33. Rb7 Nd2 34. Rxb6 Nxf1 35. Kxf1 h5 36. h4 Kg7 37. Rb7 Qd6 0-1

[Event "VII Weekend B"]
[Site "Ivrea ITA"]
[Date "2001.03.18"]
[Round "3"]
[White "Giachino, Adriano"]
[Black "Sapone, Luigi"]
[Result "0-1"]
[WhiteElo "1455"]
[BlackElo "1476"]
[PlyCount "68"]
[EventDate "2001.03.17"]

1. e4 c5 2. Nf3 Nc6 3. Nc3 e6 4. d4 cxd4 5. Nxd4 Qb6 6. Ndb5 Nb4 7. Be3 Qc6 8.
Be2 a6 9. Nd4 Qc7 10. Qd2 Nf6 11. Bg5 Be7 12. O-O O-O 13. Rae1 Nc6 14. a3 b5
15. Nxc6 dxc6 16. Bd3 e5 17. Re3 Bb7 18. Rg3 Rfe8 19. Bxf6 Bxf6 20. Qh6 Bc8 21.
Qxf6 g6 22. Nd1 c5 23. Ne3 Be6 24. f4 exf4 25. Rxf4 Qe7 26. Qe5 Qd7 27. Qh5 Qd4
28. e5 Qxe3+ 29. Rf2 Qxg3 30. Qe2 Qg5 31. c4 bxc4 32. Bxc4 Qc1+ 33. Rf1 Qxc4
34. Qf2 Qd4 0-1

[Event "VII Weekend B"]
[Site "Ivrea ITA"]
[Date "2001.03.18"]
[Round "3"]
[White "Matta, Francesca"]
[Black "Torriano, Enzo"]
[Result "1-0"]
[WhiteElo "1395"]
[BlackElo "1500"]
[PlyCount "89"]
[EventDate "2001.03.17"]

1. d4 d5 2. Nf3 Bf5 3. Bf4 e6 4. e3 Bg4 5. Nbd2 Bd6 6. Bxd6 Qxd6 7. c4 Nf6 8.
Qb3 b6 9. c5 Qd8 10. cxb6 cxb6 11. Bb5+ Nbd7 12. Ne5 O-O 13. Bxd7 Nxd7 14. Nxg4
Qg5 15. h3 f5 16. Qb5 Rfd8 17. Qc6 fxg4 18. Qxe6+ Kh8 19. Qxg4 Qxg4 20. hxg4
Rac8 21. Ke2 Rc2 22. Rhb1 Rdc8 23. Kd1 h6 24. Rc1 R2c6 25. Rxc6 Rxc6 26. Rc1
Rxc1+ 27. Kxc1 Kh7 28. Nb1 Kg6 29. Nc3 Nf6 30. f3 Kg5 31. g3 g6 32. e4 h5 33.
e5 Ne8 34. gxh5 gxh5 35. Nxd5 h4 36. gxh4+ Kxh4 37. Kd2 Kg5 38. Ke3 Kf5 39. f4
Ng7 40. Ne7+ Ke6 41. Nc6 a5 42. Ke4 a4 43. d5+ Kd7 44. f5 Ne8 45. f6 1-0

[Event "VII Weekend B"]
[Site "Ivrea ITA"]
[Date "2001.03.18"]
[Round "3"]
[White "Piazza, Giacomo"]
[Black "Tricerri, Pierino"]
[Result "1-0"]
[WhiteElo "1407"]
[BlackElo "1350"]
[PlyCount "75"]
[EventDate "2001.03.17"]

1. b3 c5 2. c4 Nf6 3. Bb2 b6 4. Nc3 Bb7 5. Nf3 Qc7 6. Nb5 Qc8 7. e3 a6 8. Nc3
g6 9. Nd5 Bxd5 10. cxd5 Bg7 11. e4 d6 12. Bd3 O-O 13. O-O Nbd7 14. Re1 e5 15.
dxe6 fxe6 16. Bc4 Re8 17. d4 b5 18. Bf1 Nh5 19. e5 d5 20. dxc5 Qxc5 21. Rc1 Qb6
22. Bd4 Qb7 23. Qd2 Rf8 24. Qd1 Rf7 25. Ng5 Re7 26. Rc3 h6 27. Nh3 Qb8 28. Rce3
Qe8 29. g4 Bxe5 30. Bxe5 Nxe5 31. gxh5 Nc6 32. Qg4 Rg7 33. Qxe6+ Qxe6 34. Rxe6
Nd4 35. Re8+ Rxe8 36. Rxe8+ Kf7 37. Ra8 gxh5+ 38. Kh1 1-0

[Event "VII Weekend B"]
[Site "Ivrea ITA"]
[Date "2001.03.18"]
[Round "3"]
[White "Pichierri, Giancarlo"]
[Black "Caresana, Alessandro"]
[Result "0-1"]
[WhiteElo "1419"]
[BlackElo "1848"]
[PlyCount "78"]
[EventDate "2001.03.17"]

1. e4 c5 2. Nf3 Nc6 3. c3 d6 4. Bc4 Nf6 5. d3 g6 6. Qb3 e6 7. Bg5 Bg7 8. Nbd2
O-O 9. O-O Na5 10. Qc2 Nxc4 11. Nxc4 h6 12. Bh4 e5 13. Ne3 Be6 14. d4 cxd4 15.
cxd4 Rc8 16. Qd3 Qa5 17. d5 Bd7 18. a4 Qb4 19. Bxf6 Bxf6 20. Rfb1 Rc7 21. Nc2
Qc4 22. Qc3 Rfc8 23. Nd2 Qxc3 24. bxc3 Rxc3 25. Ne3 R8c7 26. h3 Bg5 27. Ndf1 f5
28. Rb4 fxe4 29. Rab1 b6 30. Rxe4 Bf5 31. Nxf5 gxf5 32. Reb4 R7c5 33. h4 Bc1
34. Rb5 f4 35. a5 Rxb5 36. Rxb5 Rc5 37. Rb1 b5 38. Nh2 Bd2 39. Ng4 Kg7 0-1

[Event "VII Weekend B"]
[Site "Ivrea ITA"]
[Date "2001.03.18"]
[Round "3"]
[White "Renzini, Lorenzo"]
[Black "Piazza, Luigi"]
[Result "1-0"]
[WhiteElo "1492"]
[BlackElo "1338"]
[PlyCount "51"]
[EventDate "2001.03.17"]

1. c4 Nf6 2. Nc3 e6 3. Nf3 d5 4. d4 c5 5. Bg5 Be7 6. Bf4 Nc6 7. Nb5 O-O 8. e3
a6 9. Nc3 Bd7 10. Be2 Re8 11. O-O Bf8 12. Ne5 Nxe5 13. Bxe5 Bc6 14. Bf3 cxd4
15. Qxd4 Nd7 16. Bg3 e5 17. Qd2 dxc4 18. Bxc6 bxc6 19. Qc2 Nc5 20. Rad1 Nd3 21.
a3 Qa5 22. Rd2 Rab8 23. Nd1 Qb5 24. b4 Rbd8 25. Nc3 Bxb4 26. Nxb5 1-0

[Event "VII Weekend B"]
[Site "Ivrea ITA"]
[Date "2001.03.18"]
[Round "3"]
[White "Sorba, Enrico"]
[Black "Barcellona, Antonino"]
[Result "1-0"]
[WhiteElo "1275"]
[BlackElo "1482"]
[PlyCount "69"]
[EventDate "2001.03.17"]

1. d4 Nf6 2. c4 e6 3. Nc3 d5 4. e3 Bd6 5. Nf3 O-O 6. Bd3 b6 7. O-O Nbd7 8. Re1
Re8 9. Bd2 e5 10. e4 exd4 11. Nxd4 Nc5 12. Bg5 Bxh2+ 13. Kxh2 Ng4+ 14. Qxg4
Bxg4 15. Bxd8 Nxd3 16. Re3 Nxb2 17. Bxc7 Nxc4 18. Rg3 Bh5 19. exd5 Rac8 20. Bf4
a6 21. Nc6 b5 22. Bh6 Bg6 23. Bf4 a5 24. Nxb5 Be4 25. Nc3 Kh8 26. Nxe4 Rxe4 27.
Be3 f5 28. Rf3 Rf8 29. Rf4 Nxe3 30. Rxe4 Ng4+ 31. Rxg4 fxg4 32. Rd1 h5 33. d6
h4 34. d7 Rxf2 35. d8=Q+ 1-0

[Event "VII Weekend B"]
[Site "Ivrea ITA"]
[Date "2001.03.24"]
[Round "4"]
[White "Barcellona, Antonino"]
[Black "Castaldo, Antonio"]
[Result "0-1"]
[WhiteElo "1482"]
[BlackElo "1431"]
[PlyCount "94"]
[EventDate "2001.03.17"]

1. d4 d6 2. c4 Nf6 3. Nc3 g6 4. e4 Bg7 5. Bg5 O-O 6. Be2 Nbd7 7. Nf3 e5 8. d5
Nc5 9. O-O Qd7 10. Nd2 a5 11. a3 a4 12. Be3 b6 13. h3 Bb7 14. f4 Rfe8 15. fxe5
Rxe5 16. Bf4 Ree8 17. Bf3 c6 18. Qe1 Nd3 19. Qh4 Nxf4 20. Qxf4 b5 21. Bd1 Ba6
22. dxc6 Qxc6 23. Bf3 Rab8 24. e5 Qc5+ 25. Kh1 dxe5 26. Qh4 Qd4 27. Nde4 Nxe4
28. Nxe4 bxc4 29. Nf6+ Bxf6 30. Qxf6 Re6 31. Qg5 Qf4 32. Qxf4 exf4 33. Bd5 Rd6
34. Rad1 c3 35. Bxf7+ Kxf7 36. Rxd6 Bxf1 37. bxc3 Rb2 38. Rd7+ Kg8 39. Rc7
Bxg2+ 40. Kg1 Bxh3 41. Rc4 Rc2 42. Rxf4 Rxc3 43. Rxa4 Rc8 44. Ra7 Bf5 45. a4 h5
46. a5 Rc1+ 47. Kg2 g5 0-1

[Event "VII Weekend B"]
[Site "Ivrea ITA"]
[Date "2001.03.24"]
[Round "4"]
[White "D'Ingiullo, Giovanni"]
[Black "Moschetto, Giuliano"]
[Result "1-0"]
[WhiteElo "1531"]
[BlackElo "1449"]
[PlyCount "141"]
[EventDate "2001.03.17"]

1. g3 g6 2. Bg2 Bg7 3. d4 d5 4. c3 c6 5. e4 dxe4 6. Bxe4 Nf6 7. Bg2 Be6 8. Nf3
c5 9. Ne5 Nd5 10. Qa4+ Nd7 11. O-O Bxe5 12. dxe5 N5b6 13. Qc2 Qc7 14. Bh6 Nxe5
15. Bf4 O-O-O 16. a4 Bd5 17. Re1 f6 18. Bh3+ Kb8 19. a5 Nf3+ 20. Kf1 Nxh2+ 21.
Kg1 Nf3+ 22. Kf1 e5 23. axb6 Bc4+ 24. Re2 Qxb6 25. Be3 Bxe2+ 26. Kxe2 Ng1+ 27.
Ke1 Nxh3 28. Nd2 Qc6 29. b4 b6 30. bxc5 Rxd2 31. Kxd2 Rd8+ 32. Kc1 b5 33. Qa2
Rd7 34. Rb1 Kb7 35. c4 a6 36. cxb5 axb5 37. Qb3 Ka6 38. Ra1+ Kb7 39. Ra5 Kb8
40. Rxb5+ Rb7 41. Qg8+ Qc8 42. Rxb7+ Kxb7 43. Qxh7+ Kc6 44. Qxg6 Qe6 45. Qe4+
Kc7 46. Qb4 Ng1 47. Qb6+ Qxb6 48. cxb6+ Kc6 49. Kc2 Nf3 50. Kd3 f5 51. Ke2 e4
52. Kd1 Ne5 53. Kd2 Nc4+ 54. Kc3 Nd6 55. Kb4 Nb7 56. Kc4 Na5+ 57. Kd4 Kd6 58.
Bf4+ Ke6 59. Kc5 Kd7 60. Kb5 Nb7 61. Kc4 Kc6 62. Bc7 Nc5 63. Kd4 Nd7 64. Ke3
Nc5 65. Kf4 Nd7 66. Ke3 Kb7 67. f3 Nc5 68. fxe4 fxe4 69. Kd4 Kc6 70. g4 Ne6+
71. Kxe4 1-0

[Event "VII Weekend B"]
[Site "Ivrea ITA"]
[Date "2001.03.24"]
[Round "4"]
[White "Fassio, Francesco"]
[Black "Emanuele, Gaetano"]
[Result "0-1"]
[WhiteElo "1512"]
[BlackElo "1600"]
[PlyCount "100"]
[EventDate "2001.03.17"]

1. c4 c5 2. Nc3 Nc6 3. g3 e6 4. Bg2 Be7 5. e3 Nf6 6. Nge2 O-O 7. d4 cxd4 8.
exd4 d5 9. c5 b6 10. Be3 bxc5 11. dxc5 Qa5 12. Qa4 Qxa4 13. Nxa4 Ba6 14. Nd4
Nxd4 15. Bxd4 Rab8 16. b3 Rfc8 17. Rc1 Bd8 18. f3 Ba5+ 19. Kf2 Rc6 20. Bf1 Bxf1
21. Rhxf1 Nd7 22. f4 Bb4 23. Rc2 Rbc8 24. Rfc1 Ba3 25. Rb1 Nxc5 26. Nxc5 Bxc5
27. Bxc5 Rxc5 28. Rcb2 Rc2+ 29. Kf3 R8c3+ 30. Kg4 f6 31. b4 Kf7 32. b5 Rxb2 33.
Rxb2 Rc4 34. Kf3 e5 35. fxe5 fxe5 36. b6 axb6 37. Rxb6 Rc3+ 38. Kg4 Rc7 39. Rd6
d4 40. Kf5 Re7 41. Ke4 g6 42. a4 Re6 43. Rxe6 Kxe6 44. a5 Kd6 45. a6 Kc7 46. a7
Kb7 47. Kd3 Kxa7 48. Kc4 Kb6 49. Kd3 Kc5 50. Ke4 Kc4 0-1

[Event "VII Weekend B"]
[Site "Ivrea ITA"]
[Date "2001.03.24"]
[Round "4"]
[White "Giachino, Adriano"]
[Black "Piazza, Giacomo"]
[Result "1-0"]
[WhiteElo "1455"]
[BlackElo "1407"]
[PlyCount "65"]
[EventDate "2001.03.17"]

1. e4 b6 2. d4 Bb7 3. Nc3 e6 4. Nf3 Be7 5. Bd3 Nc6 6. Bf4 h6 7. O-O a6 8. Re1
d6 9. d5 Nb4 10. dxe6 fxe6 11. Bc4 Qd7 12. Nd4 d5 13. exd5 exd5 14. Qh5+ Kd8
15. Ne6+ Kc8 16. Nxd5 Nxd5 17. Rad1 c6 18. Bxd5 cxd5 19. Qf7 Nf6 20. Nc7 Bc5
21. Qg6 Bc6 22. Re2 Bd6 23. Bxd6 Qxd6 24. Nxa8 Bxa8 25. Qxg7 Rg8 26. Qa7 Bb7
27. Re3 Ng4 28. Rc3+ Qc7 29. Rxc7+ Kxc7 30. Rd3 Ne5 31. Rxd5 Ra8 32. Qxa8 Bxa8
33. Rxe5 1-0

[Event "VII Weekend B"]
[Site "Ivrea ITA"]
[Date "2001.03.24"]
[Round "4"]
[White "Marguati, Massimiano"]
[Black "Berutti, Mario"]
[Result "1-0"]
[WhiteElo "1575"]
[BlackElo "1849"]
[PlyCount "65"]
[EventDate "2001.03.17"]

1. d4 d5 2. c4 e6 3. Nc3 f5 4. Nf3 Nf6 5. g3 c6 6. cxd5 exd5 7. Bg2 Bd6 8. Bf4
Bxf4 9. gxf4 O-O 10. e3 Nbd7 11. O-O Qe8 12. Ne2 Ne4 13. Ng3 Nxg3 14. hxg3 Nf6
15. Ne5 Ng4 16. Qb3 Qh5 17. Nxg4 fxg4 18. e4 Rf6 19. exd5 Rh6 20. f3 gxf3 21.
Qxf3 Bg4 22. Qb3 Bh3 23. dxc6+ Kh8 24. cxb7 Rb8 25. Rac1 Rf6 26. Rfe1 Bxg2 27.
Rc8+ Rf8 28. Rxf8+ Rxf8 29. b8=Q Qf5 30. Q8b4 Rg8 31. Qxg8+ Kxg8 32. Re8+ Kf7
33. Rf8+ 1-0